Código de ética médica : (Record no. 1563)

MARC details
000 -LÍDER
Campo Fixo de Controle 00648nam a2200217 a 4500
001 - NÚMERO DE CONTROLE
Campo de Controle 1563
003 - IDENTIFICAÇÃO DO NÚMERO DE CONTROLE
Campo de Controle BR-CuiBMT
005 - DATA E HORA DA ÚLTIMA ATUALIZAÇÃO
Campo de Controle 20231215194809.0
008 - DADOS FIXOS
Dados Fixos 231215s1996 dtb 000 0 por d
040 ## - AGÊNCIA CATALOGADORA
Código da Agência Catalogadora BR-CuiBMT
Agência que transcreveu o registro BR-CuiBMT
080 ## - Nº DA CLASSIFICAÇÃO DECIMAL UNIVERSAL
Nº edição CDU 2007
Nº Class. CDU 614.253
Subd. Auxiliar Comum (083.73)
090 ## - NÚMERO DE CHAMADA
Nº classificação 614.253(083.73)
Cutter C755c
Ano/Edição 4. ed.
110 1# - ENTRADA PRINCIPAL -- ENTIDADE
Nome da entidade ou lugar Conselho Federal de Medicina
245 10 - TÍTULO PRINCIPAL
Título principal Código de ética médica :
Subtítulo resolução CFM nº 1246/88
Indicação de responsabilidade Conselho Federal de Medicina
250 ## - EDIÇÃO
Edição 4. ed.
260 ## - PUBLICAÇÃO, DISTRIBUIÇÃO, ETC.
Local de publicação Brasília :
Editora CFM,
Data 1996.
300 ## - DESCRIÇÃO FÍSICA
N. páginas ou volumes 95 p. :
Dimensões 21 cm
504 ## - NOTA DE BIBLIOGRAFIA, ETC.
Nota de bibliografia Inclui bibliografia.
650 ## - ASSUNTO TÓPICO
Cabeçalho tópico ou nome geográfico Ética médica
Subdivisão de forma código
942 ## - ELEMENTOS DE ENTRADA ADICIONAIS (KOHA)
Fonte de classificação ou esquema de arquivamento Classificação Decimal Universal
Tipo de item do Koha Livros
Holdings
Estado: removido Estado: perdido Fonte de classificação ou esquema de arquivamento Estado: danificado Indisponível para empréstimo Localização permanente Localização atual Data de aquisição Total Checkouts Número de Chamada completo Código de barras Date last seen Número do exemplar Preço efetivo a partir de Tipo de item (Koha)
    Classificação Decimal Universal     Biblioteca da Escola Superior de Contas do TCE/MT Biblioteca da Escola Superior de Contas do TCE/MT 15/12/2023   614.253(083.73) C755c 4. ed. BIBTCEMT23120568 15/12/2023 Ex. 1 15/12/2023 Livros

Powered by Koha